[Event "Open Portugal 2019"]
[Site "Lisboa POR"]
[Date "2019.02.05"]
[Round "5.14"]
[White "Storme, Isak"]
[Black "Iniyan, P."]
[Result "0-1"]
[WhiteElo "2290"]
[BlackElo "2480"]
[WhiteFideId "1728113"]
[BlackFideId "25002767"]
[WhiteTitle "FM"]
[BlackTitle "IM"]
[WhiteCountry "SWE"]
[BlackCountry "IND"]
[PlyCount "54"]
[EventDate "2019.??.??"]

1. e4 c5 2. Nf3 d6 3. d4 cxd4 4. Nxd4 Nf6 5. Nc3 a6 6. Be3 e6 7. f3 b5 8. Qd2
Nbd7 9. g4 Nb6 10. a4 Nc4 11. Bxc4 bxc4 12. g5 Nd7 13. f4 Qc7 14. O-O Bb7 15.
Qg2 g6 16. Qh3 Nc5 17. f5 gxf5 18. exf5 e5 19. g6 f6 20. Ne6 Nxe6 21. fxe6 Qg7
22. Rad1 Be7 23. Bh6 Qxg6+ 24. Kf2 f5 25. Rg1 Qxe6 26. Rg7 O-O-O 27. Qe3 f4 0-1

[Event "Open Portugal 2019"]
[Site "Lisboa POR"]
[Date "2019.02.05"]
[Round "5.15"]
[White "Risting, Eivind Olav"]
[Black "Miezis, Normunds"]
[Result "1/2-1/2"]
[WhiteElo "2282"]
[BlackElo "2467"]
[WhiteFideId "1517333"]
[BlackFideId "11600136"]
[WhiteTitle "FM"]
[BlackTitle "GM"]
[WhiteCountry "NOR"]
[BlackCountry "LAT"]
[PlyCount "55"]
[EventDate "2019.??.??"]

1. d4 Nf6 2. c4 e6 3. Nf3 Bb4+ 4. Bd2 a5 5. g3 d5 6. Qc2 O-O 7. Bg2 c5 8. cxd5
cxd4 9. Nxd4 Qb6 10. e3 exd5 11. O-O Nc6 12. Nxc6 bxc6 13. Rc1 Bd7 14. Nc3 Rfe8
15. a3 Bf8 16. Na4 Qb8 17. Bc3 Qd8 18. Bxf6 gxf6 19. Nc5 Bc8 20. b4 axb4 21.
axb4 Rb8 22. Rab1 Qd6 23. Rd1 f5 24. Nd3 Ba6 25. Nc5 Bc8 26. Nd3 Ba6 27. Nc5 Bc8
28. Nd3 1/2-1/2

[Event "Open Portugal 2019"]
[Site "Lisboa POR"]
[Date "2019.02.05"]
[Round "5.16"]
[White "Terrieux, Kevin"]
[Black "Sande Edreira, José"]
[Result "1-0"]
[WhiteElo "2459"]
[BlackElo "2244"]
[WhiteFideId "622591"]
[BlackFideId "2204487"]
[WhiteTitle "IM"]
[BlackTitle "FM"]
[WhiteCountry "FRA"]
[BlackCountry "ESP"]
[PlyCount "99"]
[EventDate "2019.??.??"]

1. d4 Nf6 2. Nf3 g6 3. Nbd2 Bg7 4. e4 O-O 5. Bd3 c5 6. c3 cxd4 7. cxd4 Nc6 8.
O-O d6 9. h3 Nd7 10. Nb3 a5 11. a4 e5 12. Be3 Nb4 13. Bb5 exd4 14. Bxd4 Bxd4 15.
Nbxd4 Nc5 16. Re1 Bd7 17. Ra3 Re8 18. Rae3 Rc8 19. b3 Qf6 20. Bxd7 Nxd7 21. Nb5
Re6 22. Nfd4 Re5 23. Qg4 Rd8 24. Rf3 Qg5 25. Qxg5 Rxg5 26. Rfe3 Nf6 27. Rd1 Rc5
28. Nf3 Ne8 29. Re2 f6 30. Red2 Rc2 31. Rxc2 Nxc2 32. Nd2 d5 33. Nc4 d4 34. Nxa5
Nd6 35. Nxd6 Rxd6 36. Nxb7 Rb6 37. Nc5 Rc6 38. b4 Kf7 39. Rd2 Nxb4 40. Rxd4 Nc2
41. Rc4 Na3 42. Rc1 Ke7 43. Nd3 Rxc1+ 44. Nxc1 Nc4 45. Nd3 Kd6 46. f4 Nd2 47.
e5+ fxe5 48. fxe5+ Kd5 49. a5 Nc4 50. a6 1-0

[Event "Open Portugal 2019"]
[Site "Lisboa POR"]
[Date "2019.02.05"]
[Round "5.17"]
[White "Thórhallsson, Thröstur"]
[Black "Pietruszewski, Marcin"]
[Result "1/2-1/2"]
[WhiteElo "2425"]
[BlackElo "2226"]
[WhiteFideId "2300109"]
[BlackFideId "1170295"]
[WhiteTitle "GM"]
[WhiteCountry "ISL"]
[BlackCountry "POL"]
[PlyCount "89"]
[EventDate "2019.??.??"]

1. e4 c5 2. Nf3 e6 3. d4 cxd4 4. Nxd4 a6 5. Nc3 Qc7 6. Bd3 Nf6 7. Qe2 d6 8. f4
Nbd7 9. Nf3 Nc5 10. O-O Be7 11. Kh1 O-O 12. Be3 Nfd7 13. a4 b6 14. Bc4 Bb7 15.
f5 Nxe4 16. fxe6 Nxc3 17. exf7+ Kh8 18. bxc3 d5 19. Bd3 Rxf7 20. Ng5 Rxf1+ 21.
Rxf1 Bxg5 22. Bxg5 Nc5 23. Qf3 Kg8 24. Bf5 h6 25. Bg6 Ne4 26. Be3 Qe7 27. Bxb6
Ng5 28. Qd3 Rf8 29. Rxf8+ Kxf8 30. Be3 Ne4 31. Bd4 Kg8 32. Qf3 Qe6 33. Bf5 Qe7
34. h3 a5 35. Qf4 Bc6 36. Qb8+ Kf7 37. Bh7 Nf6 38. Bf5 Bxa4 39. Qa8 Bd7 40. Bxf6
Kxf6 41. Bxd7 Qe1+ 42. Kh2 Qe5+ 43. Kg1 Qe1+ 44. Kh2 Qe5+ 45. Kg1 1/2-1/2

[Event "Open Portugal 2019"]
[Site "Lisboa POR"]
[Date "2019.02.05"]
[Round "5.18"]
[White "Palozza, Christian"]
[Black "Campora, Daniel"]
[Result "1-0"]
[WhiteElo "2237"]
[BlackElo "2419"]
[WhiteFideId "895580"]
[BlackFideId "100013"]
[WhiteTitle "FM"]
[BlackTitle "GM"]
[WhiteCountry "ITA"]
[BlackCountry "ARG"]
[PlyCount "59"]
[EventDate "2019.??.??"]

1. d4 Nf6 2. c4 e6 3. Nf3 b6 4. g3 Bb7 5. Bg2 Bb4+ 6. Bd2 Be7 7. Bc3 d5 8. Ne5
O-O 9. Nd2 c5 10. O-O Na6 11. e3 Qc7 12. b3 Rac8 13. Qe2 Ne4 14. Nxe4 dxe4 15.
f4 f6 16. Ng4 g6 17. d5 exd5 18. cxd5 c4 19. Bxe4 Nc5 20. Bg2 cxb3 21. Rfc1 Qd7
22. d6 Qxd6 23. Bxb7 Nxb7 24. axb3 a5 25. Nf2 Qe6 26. Bd4 Nc5 27. Bxc5 Bxc5 28.
Rc3 Bd4 29. Rxc8 Rxc8 30. Re1 1-0

[Event "Open Portugal 2019"]
[Site "Lisboa POR"]
[Date "2019.02.05"]
[Round "5.19"]
[White "Alshameary Puente, Ismael"]
[Black "Fidalgo, André"]
[Result "1-0"]
[WhiteElo "2418"]
[BlackElo "2204"]
[WhiteFideId "2225166"]
[BlackFideId "1933620"]
[WhiteTitle "FM"]
[BlackTitle "NM"]
[WhiteCountry "ESP"]
[BlackCountry "POR"]
[PlyCount "73"]
[EventDate "2019.??.??"]

1. d4 Nf6 2. c4 g6 3. Nc3 d5 4. cxd5 Nxd5 5. e4 Nxc3 6. bxc3 Bg7 7. Bc4 c5 8.
Ne2 O-O 9. O-O Nc6 10. Be3 Na5 11. Bd3 b6 12. Qd2 Qc7 13. Rac1 Bd7 14. Bh6 Rad8
15. h4 Bg4 16. f3 Be6 17. d5 c4 18. Bc2 Bc8 19. h5 Qc5+ 20. Be3 Qc7 21. Rcd1 e5
22. Ng3 f5 23. exf5 gxf5 24. d6 Qf7 25. Bg5 Be6 26. Bxd8 Rxd8 27. Qg5 Qf6 28.
Qxf6 Bxf6 29. Bxf5 Bxf5 30. Nxf5 Nb7 31. g4 Bg5 32. Rfe1 Bf4 33. Re4 b5 34. Rd5
a6 35. d7 Kf7 36. Nd4 Na5 37. Ne2 1-0

[Event "Open Portugal 2019"]
[Site "Lisboa POR"]
[Date "2019.02.05"]
[Round "5.21"]
[White "Sukandar, Irine Kharisma"]
[Black "Álvarez Serrano, Carlos"]
[Result "1-0"]
[WhiteElo "2397"]
[BlackElo "2201"]
[WhiteFideId "7101937"]
[BlackFideId "22238689"]
[WhiteTitle "IM"]
[WhiteCountry "INA"]
[BlackCountry "ESP"]
[PlyCount "97"]
[EventDate "2019.??.??"]

1. e4 c5 2. Nf3 d6 3. d4 cxd4 4. Nxd4 Nf6 5. Nc3 a6 6. f3 e5 7. Nb3 Be6 8. Be3
Be7 9. Qd2 Qc7 10. g4 O-O 11. g5 Nh5 12. O-O-O Rc8 13. Nd5 Bxd5 14. exd5 Nd7 15.
Bh3 a5 16. Kb1 a4 17. Nc1 b5 18. Nd3 a3 19. b3 Re8 20. Bg4 Nf4 21. Bxf4 exf4 22.
Bxd7 Qxd7 23. Qxf4 Qc7 24. h4 Rec8 25. Rh2 h5 26. Qb4 Qd7 27. f4 Bd8 28. Qe4 Qg4
29. Qe8+ Kh7 30. Qe2 Qxe2 31. Rxe2 Kg6 32. f5+ Kxf5 33. Rf1+ Kg6 34. Nf4+ Kh7
35. Nxh5 Rc5 36. Nf4 Rac8 37. Rg2 R8c7 38. h5 Bxg5 39. Rxg5 Rxc2 40. Rg2 Rxg2
41. Nxg2 Kh6 42. Ne3 Kxh5 43. Nf5 Rd7 44. Nxg7+ Kg6 45. Nf5 b4 46. Rf2 Kg5 47.
Kc2 Kf6 48. Kd3 Ke5 49. Ne3 1-0

[Event "Open Portugal 2019"]
[Site "Lisboa POR"]
[Date "2019.02.05"]
[Round "5.22"]
[White "Costa, Paulo"]
[Black "Krishna Teja, N."]
[Result "1-0"]
[WhiteElo "2200"]
[BlackElo "2391"]
[WhiteFideId "1900900"]
[BlackFideId "5001498"]
[WhiteTitle "NM"]
[BlackTitle "IM"]
[WhiteCountry "POR"]
[BlackCountry "IND"]
[PlyCount "63"]
[EventDate "2019.??.??"]

1. d4 Nf6 2. Nf3 e6 3. Bf4 c5 4. e3 Nc6 5. c3 d5 6. Nbd2 Bd6 7. Bg3 O-O 8. Bb5
Ne7 9. Bd3 Ng6 10. Ne5 b6 11. f4 Bb7 12. Qf3 Nd7 13. h4 f5 14. h5 Ngxe5 15. fxe5
Be7 16. Bf4 a5 17. g4 Ba6 18. Bc2 cxd4 19. exd4 Rf7 20. gxf5 Nf8 21. h6 exf5 22.
hxg7 Ne6 23. Qh5 Rxg7 24. Bh6 Rg6 25. Bxf5 Ng7 26. Bxg7 Rxg7 27. Bxh7+ Kf8 28.
c4 Bg5 29. Bg6 Raa7 30. Qh8+ Rg8 31. Rf1+ Ke7 32. Qh7+ 1-0

[Event "Open Portugal 2019"]
[Site "Lisboa POR"]
[Date "2019.02.05"]
[Round "5.23"]
[White "Li, Yunshan"]
[Black "Carrasco Martínez, Juan M"]
[Result "1/2-1/2"]
[WhiteElo "2196"]
[BlackElo "2380"]
[WhiteFideId "8607664"]
[BlackFideId "2207729"]
[WhiteTitle "WFM"]
[BlackTitle "IM"]
[WhiteCountry "CHN"]
[BlackCountry "ESP"]
[PlyCount "178"]
[EventDate "2019.??.??"]

1. d4 Nf6 2. c4 c5 3. d5 b5 4. cxb5 a6 5. e3 d6 6. Nc3 g6 7. Nf3 Bg7 8. a4 O-O
9. e4 Nbd7 10. Ra3 Ne8 11. Rb3 axb5 12. Bxb5 Ba6 13. O-O Bxb5 14. axb5 Nb6 15.
Qc2 Nc7 16. Bf4 Qd7 17. Rd1 Ra5 18. e5 Rfa8 19. h4 Ra1 20. Kh2 Rxd1 21. Qxd1 Qf5
22. Bg3 dxe5 23. Ra3 Rd8 24. Qe1 f6 25. Ra7 Qc8 26. Nd2 Qb8 27. Qa1 Nc8 28. Ra5
Nd6 29. Qa4 Qb6 30. f4 exf4 31. Bxf4 f5 32. Nc4 Nxc4 33. Qxc4 Kf8 34. Ra1 Bd4
35. Rc1 Qf6 36. g3 Be5 37. Bxe5 Qxe5 38. Qxc5 Rxd5 39. Nxd5 Nxd5 40. Rc2 Qe4 41.
Qc8+ Kg7 42. Qc4 Qf3 43. Qe2 Qb3 44. Rc5 Ne3 45. Rc3 Ng4+ 46. Kg1 Qb4 47. Kg2
Qd6 48. Rd3 Qc7 49. b6 Qc6+ 50. Kg1 Qxb6+ 51. Kf1 Qb7 52. Ke1 Qb4+ 53. Kd1 Qa4+
54. Kd2 Qb4+ 55. Kc1 Nf6 56. Qe5 Kf7 57. Qc3 Qe4 58. Re3 Qh1+ 59. Re1 Qd5 60.
Kc2 Qg2+ 61. Kb1 Ne4 62. Qc4+ Kf8 63. Qc8+ Kf7 64. Qc4+ Kf8 65. Qd3 Nd2+ 66. Kc1
Ne4 67. Qd8+ Kf7 68. Qd5+ Kf8 69. Qd8+ Kf7 70. Qd5+ Kf8 71. Qd3 Kf7 72. Re2 Qg1+
73. Kc2 Qc5+ 74. Kb1 Qg1+ 75. Ka2 Qa7+ 76. Qa3 Qc7 77. Qb3+ Kg7 78. Rc2 Qa5+ 79.
Qa3 Qd5+ 80. b3 Kf7 81. Qa6 Nc3+ 82. Kb2 Nb5 83. Qc6 Qd4+ 84. Kc1 Qg1+ 85. Kd2
Qf2+ 86. Kc1 Qg1+ 87. Kd2 Qf2+ 88. Kc1 Qg1+ 89. Kd2 Qf2+ 1/2-1/2

[Event "Open Portugal 2019"]
[Site "Lisboa POR"]
[Date "2019.02.05"]
[Round "5.24"]
[White "Gallardo Fernández, César"]
[Black "Di Nicolantonio, Lucas"]
[Result "0-1"]
[WhiteElo "2194"]
[BlackElo "2364"]
[WhiteFideId "2225280"]
[BlackFideId "680460"]
[BlackTitle "FM"]
[WhiteCountry "ESP"]
[BlackCountry "FRA"]
[PlyCount "74"]
[EventDate "2019.??.??"]

1. c4 f5 2. g3 Nf6 3. Bg2 g6 4. Nc3 Bg7 5. e3 d6 6. Nge2 O-O 7. d4 e5 8. O-O c6
9. b3 e4 10. Ba3 Re8 11. Rc1 Na6 12. b4 Nc7 13. Nf4 b5 14. d5 g5 15. Nfe2 cxd5
16. cxb5 Qd7 17. Bb2 Qf7 18. h3 Ne6 19. Qd2 f4 20. gxf4 gxf4 21. exf4 Bb7 22. f5
Nf8 23. Nd4 N8d7 24. f4 exf3 25. Nxf3 Ne5 26. Ng5 Qh5 27. Nxd5 Nxd5 28. Bxd5+
Bxd5 29. Qxd5+ Kh8 30. Ne6 Bf6 31. Nf4 Qh4 32. Kh1 Rad8 33. Qg2 Rg8 34. Ng6+
hxg6 35. fxg6 Rxg6 36. Bxe5 Bxe5 37. Rc4 Qxc4 0-1

[Event "Open Portugal 2019"]
[Site "Lisboa POR"]
[Date "2019.02.05"]
[Round "5.26"]
[White "Lisowski, Krzysztof"]
[Black "Rocha, Sérgio"]
[Result "1/2-1/2"]
[WhiteElo "2135"]
[BlackElo "2354"]
[WhiteFideId "1110969"]
[BlackFideId "1900404"]
[BlackTitle "IM"]
[WhiteCountry "POL"]
[BlackCountry "POR"]
[PlyCount "95"]
[EventDate "2019.??.??"]

1. e4 c5 2. Nf3 e6 3. g3 d5 4. exd5 Qxd5 5. Nc3 Qd8 6. d4 Nf6 7. Bg2 Nc6 8. dxc5
Qxd1+ 9. Nxd1 Bxc5 10. a3 Bd7 11. b4 Bd6 12. Bb2 Ke7 13. Ne3 Rhc8 14. O-O-O Bc7
15. Rhe1 Be8 16. Nf5+ Kf8 17. Nd6 Bxd6 18. Rxd6 Ke7 19. Rdd1 a6 20. Nd4 Nxd4 21.
Bxd4 Bc6 22. Bc5+ Ke8 23. Bf1 Be4 24. Rd2 Bc6 25. Bd3 Rd8 26. f4 g6 27. f5 gxf5
28. Bxf5 Rxd2 29. Kxd2 Rd8+ 30. Kc1 h5 31. Bd3 Nd7 32. Bd4 Ke7 33. Be2 e5 34.
Bxh5 Ke6 35. g4 Rh8 36. Bc3 f6 37. Bd2 Nb6 38. Bf4 Nc4 39. Bg3 Rh6 40. Bf2 Nxa3
41. Rd1 Be4 42. Bc5 Nc4 43. Rd8 Rh7 44. Re8+ Kd7 45. Rf8 Ke6 46. Re8+ Kd7 47.
Rf8 Ke6 48. Re8+ 1/2-1/2

[Event "Open Portugal 2019"]
[Site "Lisboa POR"]
[Date "2019.02.05"]
[Round "5.27"]
[White "Fröwis, Annika"]
[Black "Plichta, Kamil"]
[Result "0-1"]
[WhiteElo "2104"]
[BlackElo "2347"]
[WhiteFideId "1621432"]
[BlackFideId "1141830"]
[WhiteTitle "WFM"]
[BlackTitle "FM"]
[WhiteCountry "AUT"]
[BlackCountry "POL"]
[PlyCount "104"]
[EventDate "2019.??.??"]

1. e4 Nf6 2. e5 Nd5 3. c4 Nb6 4. d4 d6 5. exd6 exd6 6. Nc3 Be7 7. Bd3 O-O 8.
Nge2 Na6 9. b3 c6 10. O-O Nb4 11. Bb1 d5 12. c5 Nd7 13. a3 Na6 14. b4 Nc7 15.
Qd3 g6 16. Bc2 Nf6 17. Ng3 b6 18. Re1 bxc5 19. bxc5 Ba6 20. Qd2 Ne6 21. Na2 Bc4
22. Nb4 Qd7 23. Ba4 Rfc8 24. Bb2 Rab8 25. Bc3 Bf8 26. Rab1 Bg7 27. f3 h5 28. Nh1
Kh7 29. Nf2 Ng8 30. Kh1 Ne7 31. Nh3 Bh6 32. Qc2 Nf5 33. Qf2 Bg7 34. Rxe6 fxe6
35. Ng5+ Kg8 36. Re1 a5 37. Nc2 Re8 38. g4 hxg4 39. fxg4 Nh6 40. Qg3 Bb3 41.
Bxb3 Rxb3 42. Qd3 Nf7 43. Nf3 e5 44. dxe5 Qxg4 45. Ncd4 Nxe5 46. Nxe5 Rxc3 47.
Qxc3 Rxe5 48. Nxc6 Re2 49. Ne7+ Rxe7 50. Qd2 Qf3+ 51. Kg1 Bd4+ 52. Qxd4 Rxe1#
0-1

[Event "Open Portugal 2019"]
[Site "Lisboa POR"]
[Date "2019.02.05"]
[Round "5.28"]
[White "Aguera Naredo, Javier"]
[Black "Terryn, Ezra"]
[Result "1/2-1/2"]
[WhiteElo "2346"]
[BlackElo "2116"]
[WhiteFideId "2204169"]
[BlackFideId "233196"]
[WhiteTitle "FM"]
[WhiteCountry "ESP"]
[BlackCountry "BEL"]
[PlyCount "147"]
[EventDate "2019.??.??"]

1. e4 c5 2. Nf3 e6 3. d4 cxd4 4. Nxd4 Nc6 5. Nc3 Qc7 6. g3 a6 7. Bg2 Nf6 8. O-O
Nxd4 9. Qxd4 Bc5 10. Bf4 d6 11. Qd2 h6 12. Na4 e5 13. Nxc5 dxc5 14. Be3 Ng4 15.
Rad1 O-O 16. Rfe1 Be6 17. Qc3 Nxe3 18. Rxe3 c4 19. a3 Rfd8 20. Ree1 Rxd1 21.
Rxd1 Rd8 22. Rd2 Rxd2 23. Qxd2 c3 24. Qxc3 Qxc3 25. bxc3 Kf8 26. Kf1 Ke7 27. Ke2
Kd6 28. h4 Kc5 29. Kd2 Bd7 30. Bf1 Bg4 31. Bd3 Kb6 32. f4 Ka5 33. Bc4 f6 34. Bd5
b6 35. Bc6 Be6 36. Kd3 b5 37. Bd5 Bc8 38. c4 b4 39. c5 bxa3 40. Kc3 Kb5 41. c6
a5 42. Kb3 Kb6 43. f5 Ba6 44. c4 Bxc4+ 45. Bxc4 Kxc6 46. Kxa3 Kc5 47. Bd5 Kd4
48. Ka4 Ke3 49. Kxa5 Kf3 50. h5 Kxg3 51. Kb4 Kg4 52. Kc3 Kxh5 53. Kd2 Kg4 54.
Ke3 Kg3 55. Bf7 Kg4 56. Bb3 Kg3 57. Bd1 Kg2 58. Be2 Kg3 59. Bf3 Kh3 60. Kf2 Kh4
61. Kg2 Kg5 62. Kg3 g6 63. fxg6 Kxg6 64. Bg4 Kg5 65. Bf5 h5 66. Kh3 h4 67. Bg4
Kf4 68. Bf5 Kg5 69. Kh2 Kf4 70. Kg2 Kg5 71. Kf3 Kh5 72. Ke2 Kg5 73. Ke3 Kh5 74.
Ke2 1/2-1/2

[Event "Open Portugal 2019"]
[Site "Lisboa POR"]
[Date "2019.02.05"]
[Round "5.29"]
[White "Gjestemoen-VonHirsch, André"]
[Black "Pantzar, Milton"]
[Result "0-1"]
[WhiteElo "2038"]
[BlackElo "2331"]
[WhiteFideId "1539531"]
[BlackFideId "1721003"]
[BlackTitle "FM"]
[WhiteCountry "NOR"]
[BlackCountry "SWE"]
[PlyCount "60"]
[EventDate "2019.??.??"]

1. d4 Nf6 2. Bf4 d5 3. e3 e6 4. Nf3 c5 5. c3 Be7 6. Nbd2 O-O 7. Bd3 Nh5 8. Bg3
g6 9. Bxb8 Rxb8 10. g4 Nf6 11. Ne5 Nd7 12. h4 cxd4 13. cxd4 Nxe5 14. dxe5 d4 15.
g5 dxe3 16. Ne4 Qa5+ 17. Kf1 Qxe5 18. Qg4 Bd7 19. h5 Bc6 20. Qh4 Bxe4 21. Bxe4
Bxg5 22. Qg4 Qxb2 23. fxe3 Qxa1+ 24. Kg2 Qb2+ 25. Kh3 f5 26. Qxg5 fxe4 27. hxg6
Rf3+ 28. Kh4 Qf2+ 29. Kh5 Rf5 30. gxh7+ Kf7 0-1

[Event "Open Portugal 2019"]
[Site "Lisboa POR"]
[Date "2019.02.05"]
[Round "5.30"]
[White "Silva, Gonçalo"]
[Black "Shailesh, Dravid"]
[Result "0-1"]
[WhiteElo "2027"]
[BlackElo "2324"]
[WhiteFideId "1915100"]
[BlackFideId "25017969"]
[BlackTitle "FM"]
[WhiteCountry "POR"]
[BlackCountry "IND"]
[PlyCount "82"]
[EventDate "2019.??.??"]

1. e4 c5 2. Nf3 d6 3. Bb5+ Nd7 4. O-O Ngf6 5. Re1 a6 6. Bd3 b5 7. c4 b4 8. Bc2
e5 9. d3 Rb8 10. Nbd2 g6 11. Nf1 Bg7 12. Ng3 O-O 13. Bg5 h6 14. Bd2 Nh7 15. Qc1
h5 16. a3 h4 17. Nf1 h3 18. g3 f5 19. Bd1 f4 20. axb4 cxb4 21. gxf4 exf4 22.
Bxf4 Nc5 23. Qd2 Bxb2 24. Qxb2 Nxd3 25. Qd2 Nxf4 26. c5 dxc5 27. Bb3+ Kg7 28.
Qb2+ Qf6 29. e5 Ne2+ 30. Qxe2 Qxf3 31. Qxf3 Rxf3 32. Ne3 Ng5 33. Rac1 Rf8 34.
Red1 Nf3+ 35. Kh1 Nxe5 36. Rxc5 Bb7+ 37. Kg1 Nf3+ 38. Kf1 Nxh2+ 39. Ke1 Nf3+ 40.
Ke2 h2 41. Rd7+ Kh8 0-1

[Event "Open Portugal 2019"]
[Site "Lisboa POR"]
[Date "2019.02.05"]
[Round "5.31"]
[White "Hill, Alistair"]
[Black "Galego, Luís"]
[Result "0-1"]
[WhiteElo "2152"]
[BlackElo "2508"]
[WhiteFideId "432407"]
[BlackFideId "1900072"]
[BlackTitle "GM"]
[WhiteCountry "ENG"]
[BlackCountry "POR"]
[PlyCount "40"]
[EventDate "2019.??.??"]

1. e4 d5 2. exd5 Qxd5 3. Nc3 Qd6 4. d4 Nf6 5. Nf3 a6 6. g3 Bg4 7. Bg2 Nc6 8. d5
Ne5 9. Bf4 Bxf3 10. Bxf3 Nxf3+ 11. Qxf3 e5 12. Be3 Qb4 13. O-O-O Qg4 14. Qg2
O-O-O 15. f4 Bd6 16. Rhf1 h5 17. h3 Qd7 18. f5 Bb4 19. d6 Bxc3 20. dxc7 Qxc7 0-1

[Event "Open Portugal 2019"]
[Site "Lisboa POR"]
[Date "2019.02.05"]
[Round "5.32"]
[White "Haug, Johannes"]
[Black "Pérez García, Roberto"]
[Result "1-0"]
[WhiteElo "2403"]
[BlackElo "2141"]
[WhiteFideId "1509268"]
[BlackFideId "2217708"]
[WhiteTitle "FM"]
[WhiteCountry "NOR"]
[BlackCountry "ESP"]
[PlyCount "99"]
[EventDate "2019.??.??"]

1. d4 d5 2. c4 c6 3. cxd5 cxd5 4. Nc3 Nf6 5. f3 Nc6 6. e4 e6 7. e5 Ng8 8. f4 Nh6
9. Nf3 Nf5 10. a3 a6 11. b4 Bd7 12. Qd2 Rc8 13. Bb2 Be7 14. Qf2 O-O 15. Bd3 a5
16. b5 Na7 17. a4 Bb4 18. Rc1 f6 19. O-O fxe5 20. Nxe5 Be8 21. Bb1 Qe7 22. Nd1
Rxc1 23. Bxc1 Nc8 24. Qc2 g6 25. Bb2 Ncd6 26. Qe2 Bf7 27. Nf2 Rc8 28. Bd3 Bc3
29. Bxc3 Rxc3 30. Qd2 Qc7 31. Bb1 Ra3 32. Rc1 Qb6 33. Bxf5 Nxf5 34. Rc8+ Kg7 35.
Qc1 Rxa4 36. Rc7 Nd6 37. g3 Qxd4 38. Rxf7+ Nxf7 39. Qc7 Ra1+ 40. Kg2 Qb4 41.
Qxf7+ Kh8 42. Qf6+ Kg8 43. Qxe6+ Kg7 44. Qd7+ Kg8 45. Qxd5+ Kg7 46. Qxb7+ Kg8
47. Qd5+ Kg7 48. Qf7+ Kh8 49. Qf6+ Kg8 50. Nc6 1/2-1/2

[Event "Open Portugal 2019"]
[Site "Lisboa POR"]
[Date "2019.02.05"]
[Round "5.33"]
[White "Pastar, Slaven"]
[Black "Dias, Ricardo"]
[Result "1/2-1/2"]
[WhiteElo "2330"]
[BlackElo "2128"]
[WhiteFideId "14402718"]
[BlackFideId "1930060"]
[WhiteTitle "FM"]
[WhiteCountry "BIH"]
[BlackCountry "POR"]
[PlyCount "126"]
[EventDate "2019.??.??"]

1. d4 Nf6 2. c4 g6 3. Nc3 d5 4. cxd5 Nxd5 5. Qb3 Nb6 6. Nf3 Bg7 7. Bf4 O-O 8. e3
Be6 9. Qc2 c5 10. dxc5 N6d7 11. Be2 Nxc5 12. O-O Nba6 13. Rfd1 Qb6 14. Nd4 Nb4
15. Qb1 Nd5 16. Nxe6 Nxc3 17. bxc3 Nxe6 18. Qe4 Nxf4 19. exf4 Qc7 20. Bf3 Rad8
21. Rab1 b6 22. f5 Bxc3 23. fxg6 hxg6 24. h4 Rxd1+ 25. Rxd1 Rd8 26. Rxd8+ Qxd8
27. h5 gxh5 28. Bxh5 Bf6 29. Qa4 Qb8 30. g3 Kf8 31. Kg2 b5 32. Qb3 e6 33. Bf3 b4
34. Qe3 Qc7 35. g4 Qe7 36. Qh6+ Bg7 37. Qh5 Qc7 38. Qb5 Bd4 39. Qxb4+ Qc5 40.
Qd2 a5 41. Qh6+ Ke7 42. g5 Bxf2 43. Qf6+ Kd6 44. Qd8+ Ke5 45. Qf6+ Kd6 46. Qf4+
Ke7 47. Bh5 Bd4 48. Qxf7+ Kd6 49. Qf8+ Ke5 50. Qf6+ Kd6 51. Qf4+ Ke7 52. Qf7+
Kd6 53. Qf8+ Ke5 54. Qb8+ Kf5 55. Qg3 Qd5+ 56. Bf3 Qxa2+ 57. Kh3 e5 58. Qg4+ Kg6
59. Qh5+ Kg7 60. Qh6+ Kg8 61. g6 Qe6+ 62. Bg4 Qf6 63. Qh7+ Kf8 1/2-1/2

[Event "Open Portugal 2019"]
[Site "Lisboa POR"]
[Date "2019.02.05"]
[Round "5.34"]
[White "Gu, Xiaobing"]
[Black "Bruaset, Eivind"]
[Result "1/2-1/2"]
[WhiteElo "2326"]
[BlackElo "2124"]
[WhiteFideId "8602611"]
[BlackFideId "1515276"]
[WhiteTitle "WGM"]
[WhiteCountry "CHN"]
[BlackCountry "NOR"]
[PlyCount "58"]
[EventDate "2019.??.??"]

1. e4 e6 2. d3 c5 3. g3 Nc6 4. Bg2 g6 5. Ne2 Bg7 6. O-O Nge7 7. c3 O-O 8. Bg5 h6
9. Be3 d6 10. Nd2 b5 11. d4 cxd4 12. Nxd4 Nxd4 13. cxd4 Bb7 14. a4 Qd7 15. Qb3
a6 16. Rfd1 Rfc8 17. axb5 Qxb5 18. Qa3 Nc6 19. Bf1 Qb4 20. Nc4 Rd8 21. f3 d5 22.
exd5 Rxd5 23. Qxb4 Nxb4 24. Nb6 Nc2 25. Nxd5 Bxd5 26. Kf2 Nxa1 27. Rxa1 Rb8 28.
Bxa6 Rxb2+ 29. Be2 Bc4 1/2-1/2

[Event "Open Portugal 2019"]
[Site "Lisboa POR"]
[Date "2019.02.05"]
[Round "5.35"]
[White "Fus, Jakub"]
[Black "Pirola, Claudionor"]
[Result "1-0"]
[WhiteElo "2326"]
[BlackElo "2113"]
[WhiteFideId "1193023"]
[BlackFideId "2130556"]
[WhiteCountry "POL"]
[BlackCountry "BRA"]
[PlyCount "59"]
[EventDate "2019.??.??"]

1. e4 c6 2. d4 d5 3. e5 Bf5 4. Nf3 e6 5. Be2 h6 6. O-O Ne7 7. Nbd2 Nd7 8. Nb3
Qc7 9. c3 O-O-O 10. a4 f6 11. exf6 gxf6 12. Nh4 Rg8 13. Nxf5 Nxf5 14. c4 Nb6 15.
c5 Qg7 16. g3 Nd7 17. Bd3 Ne7 18. Na5 Nb8 19. b4 f5 20. Be3 Ng6 21. f4 Be7 22.
b5 Bf6 23. Be2 Ne7 24. Rb1 h5 25. Bxh5 Rd7 26. Rf2 Rh8 27. Bf3 Rh7 28. Rfb2 Kd8
29. bxc6 Nexc6 30. Nxb7+ 1-0

[Event "Open Portugal 2019"]
[Site "Lisboa POR"]
[Date "2019.02.05"]
[Round "5.37"]
[White "Fernandes, Alberto"]
[Black "Ilic, Zoran"]
[Result "1/2-1/2"]
[WhiteElo "2072"]
[BlackElo "2302"]
[WhiteFideId "1900277"]
[BlackFideId "901733"]
[WhiteTitle "NM"]
[BlackTitle "IM"]
[WhiteCountry "POR"]
[BlackCountry "SRB"]
[PlyCount "100"]
[EventDate "2019.??.??"]

1. b3 e5 2. Bb2 d6 3. e4 Nf6 4. Nc3 g6 5. Nf3 Bg7 6. Be2 c5 7. O-O O-O 8. d3 Nc6
9. Nd2 Nd4 10. Nc4 b5 11. Ne3 Bb7 12. Ncd5 Nd7 13. c3 Ne6 14. Bf3 Bc6 15. g3 a5
16. a3 Nb6 17. Bg2 Bxd5 18. Nxd5 Nxd5 19. exd5 Nc7 20. d4 exd4 21. cxd4 Na6 22.
Qe2 cxd4 23. Qxb5 Qb8 24. Qxa5 Nc5 25. Qb4 Nxb3 26. Qxb8 Rfxb8 27. Rad1 Ra4 28.
f4 Nc5 29. Rf2 d3 30. Bxg7 Kxg7 31. Ra2 Rb3 32. Rda1 Rc3 33. Bf3 d2 34. Kf2 Rc1
35. Bd1 Re4 36. a4 Re1 37. Rxd2 Rxa1 38. Kxe1 Nxa4 39. Kf2 Nc5 40. Bf3 f5 41. h3
Kf6 42. g4 h6 43. Re2 Ra4 44. Kg3 Ra3 45. Kg2 Rd3 46. Kf2 Rd4 47. Kg3 Ne4+ 48.
Bxe4 fxe4 49. Kf2 g5 50. Ke3 Rxd5 1/2-1/2

[Event "Open Portugal 2019"]
[Site "Lisboa POR"]
[Date "2019.02.05"]
[Round "5.38"]
[White "Chingüün, Sumiya"]
[Black "Barbier, Wim"]
[Result "1-0"]
[WhiteElo "2286"]
[BlackElo "2086"]
[WhiteFideId "4902572"]
[BlackFideId "202100"]
[WhiteCountry "MGL"]
[BlackCountry "BEL"]
[PlyCount "51"]
[EventDate "2019.??.??"]

1. e4 d6 2. d4 Nf6 3. Nc3 e5 4. Nf3 Nbd7 5. Bc4 Be7 6. O-O O-O 7. Re1 c6 8. a4
a5 9. h3 Nb6 10. Ba2 Nfd7 11. Be3 exd4 12. Bxd4 Nc5 13. Bxc5 dxc5 14. Qe2 Qd6
15. Qe3 Qg6 16. Ne2 Bd6 17. e5 Bc7 18. c3 c4 19. Bb1 Nd5 20. Qd4 Qh6 21. Qxc4 f6
22. Be4 Be6 23. Ned4 fxe5 24. Nxe6 Qxe6 25. Bxh7+ Kh8 26. Bc2 1-0

[Event "Open Portugal 2019"]
[Site "Lisboa POR"]
[Date "2019.02.05"]
[Round "5.39"]
[White "Pacan-Milej, Kosma"]
[Black "Huse, Sigurd"]
[Result "1-0"]
[WhiteElo "2273"]
[BlackElo "2080"]
[WhiteFideId "21800537"]
[BlackFideId "1520717"]
[WhiteTitle "FM"]
[WhiteCountry "POL"]
[BlackCountry "NOR"]
[PlyCount "45"]
[EventDate "2019.??.??"]

1. d4 d5 2. c4 c6 3. Nf3 Nf6 4. Nc3 a6 5. Qc2 e6 6. e4 dxc4 7. Bxc4 b5 8. Bd3
Bb7 9. O-O Qc7 10. e5 Nfd7 11. Ne4 c5 12. dxc5 Nxe5 13. Nxe5 Qxe5 14. Re1 Qd5
15. Bf1 Nc6 16. Bf4 Nd4 17. Qc3 Nf5 18. Rad1 Qc6 19. g4 Nh4 20. Bg5 Be7 21. Bxh4
Bxh4 22. Qxg7 Ke7 23. Qh6 1-0